LEADER 00849nas a2200229 i 4500 001 000000240264 003 CaOOAMICUS 005 20150326000000.0 008 150326b1842 xx uu u0 0lat r 013 $a219169 040 $aSeMil$bita 245 10$a1842. 260 $aMilano :$bAgnelli Jacobus Impress. Archiep.,$c1842. 300 $a40 p. ;$c21 cm. 500 $aFondo card. C. M. Martini. 773 0 $tCalendarium Ambrosianum.$dMediolani : Typis Galeatium & filios impressores archiepiscopales, 1800-1969.$w()2075 850 $aSeMil 852 $aSeMil$W1$xVenegono$y1$m203 4 1/43$j190610$B190610$CSeMilBibl$Z2$F201461 $85 941 1 $a4 961 $aLascito: Martini Card. Carlo Maria 996 $6245$a1842$9(OLS)http://semarc/title/341832 996 $6260$aMilano :$bAgnelli Jacobus Impress. Archiep.$9(OLS)http://semarc/publisher/44629 LEADER 01114nam a2200217 i 4500 001 000000043334 003 CaOOAMICUS 005 20090812000000.0 008 090812s1936 xx u000 u fre u 013 $a14504 040 $aSeMil$bita 100 1 $aGarrigou-Lagrange, Réginald,$c.$0(OLS)http://semarc/name/5500 245 13$aLa prédestination des saints et la grâce :$bdoctrine de saint Thomas comparée aux autre systèmes théologiques. 260 $aParis :$bDesclée de Brouwer et Cie,$cimprim. 1936. 650 4$aPredestinazione.$0(OLS)http://semarc/subject/3382 650 4$aPredestinazione - Concezione [di] Tommaso : d'Aquino.$0(OLS)http://semarc/subject/9239 650 4$aLibertà e grazia.$0(OLS)http://semarc/subject/9240 850 $aSeMil 852 $aSeMil$W1$xVenegono$y1$m2B II 144$j9489$B9489$CSeMilBibl$Z2$F9489 $81 996 $6245$aLa prédestination des saints et la grâce :$bdoctrine de saint Thomas comparée aux autre systèmes théologiques$9(OLS)http://semarc/title/63610 996 $6260$aParis :$bDesclée de Brouwer et Cie$9(OLS)http://semarc/publisher/30216